| 000 | 01605cam a22004814i 4500 | ||
|---|---|---|---|
| 003 | PE-LiUPU | ||
| 005 | 20250731172712.0 | ||
| 008 | 150617s1986 sp r 000 0 spa d | ||
| 035 | _a(Sirsi) a10631 | ||
| 040 |
_aPE-LiUPU _bspa _cPE-LiUPU _erda |
||
| 049 | _aPRUA | ||
| 082 | 0 | 4 |
_a220.4 _bC28 _221 |
| 130 |
_aBiblia _lEspañol _sCasiodoro de Reina _f1569. |
||
| 212 | _aBiblia del Oso | ||
| 245 | 1 | 3 |
_aLa bíblia : _bTraducción de Casiodoro de Reina 1569. |
| 264 | 1 |
_aSevilla : _bSociedad Bíblica de España, _c1986. |
|
| 300 |
_aPaginación varia ; _c23 centímetros |
||
| 336 |
_atext _2rdacontent |
||
| 337 |
_aunmediated _2rdamedia |
||
| 338 |
_avolume _2rdacarrier |
||
| 500 | _aEdición facsimilar. | ||
| 505 | 0 | _aAntiguo testamento -- Nuevo testamento. | |
| 526 | _aSEG42 | ||
| 526 | _aSEG41 | ||
| 526 | _aSEG40 | ||
| 526 | _aSEG39 | ||
| 526 | _aP94 | ||
| 526 | _aP87 | ||
| 526 | _aP86 | ||
| 526 | _aP85 | ||
| 526 | _aP77 | ||
| 526 | _aP76 | ||
| 526 | _aP35 | ||
| 630 |
_aBiblia _sCasiodoro de Reina _f1569. |
||
| 700 | 1 |
_aReina, Casiodoro de, _etraductor. |
|
| 910 |
_ajck _bjvq _cjck _d20150616 |
||
| 942 |
_2ddc _cBOOK |
||
| 949 |
_a220.4 C28 _wDEWEY _c1 _i29368 _lCCODEBUL1 _mBUL _p25.00 _r0 _sY _tBOOK _u2015-04-21 _xTEOLOGIA _PP35 _0COMPRA _o.STAFF. Colección Teología |
||
| 994 |
_aC0 _bPEPRU |
||
| 596 | _a1 | ||
| 999 |
_a220.4 C28 _wDEWEY _c700 _i29368 _d700 _e2017-5-15 _f2021-11-9 _g5 _lCCODEBUL1 _mBUL _n2 _p25.00 _q2 _r0 _sY _tBOOK _u2015-4-21 _xTEOLOGIA _PP35 _0COMPRA _o.STAFF. Colección Teología |
||
| 980 |
_81 _gALBERTO SANCHEZ Responsable de Automatización |
||